000 00909nas a2200301 4500
001 BR0303012
003 BR-BrBNA
005 20231205103859.0
007 ta
008 230509b bl.|||p| |||| 00| 00por d
040 _aBR-BrBNA
_bpor
_cBiblioteca Nacional de Agricultura
041 _a(Pt)
072 _aF01
100 1 _aNienow, A.A.
100 1 _aFloss, L.G.
245 1 _aProdução de pessegueiro e nectarina no planalto médio do Rio Grande do Sul em anos de inverno ameno
650 _aPÊSSEGO
650 _aSELEÇÃO GENÉTICA
650 _aNECTARINA
650 _aPRODUÇÃO VEGETAL
650 _aMÉTODO DE MELHORAMENTO
650 _aINVERNO
650 _aIDENTIFICAÇÃO
650 _aGENÉTICA VEGETAL
773 0 _tCiência Rural (Brazil)
_xISSN 0103-8478
_g(Mar-Apr 2003), v. 33(2) p. 241-246
_wBR0303012
909 _a202311
_bLúcia
_c55
_dLúcia Elande
942 _2AGRIS
_n0
_cANA
999 _c175232
_d175232